[Event "FRA-chT1 1011"]
[Site "France"]
[Date "2010.11.13"]
[Round "2.6"]
[White "Lamure, Christophe"]
[Black "Passchier, Albert"]
[Result "1/2-1/2"]
[WhiteElo "1940"]
[BlackElo "1910"]
[PlyCount "84"]
[EventDate "2010.10.17"]
[EventType "team-tourn"]
[EventRounds "11"]
[EventCountry "FRA"]
[SourceTitle "EXT 2012"]
[Source "ChessBase"]
[SourceDate "2011.11.24"]
[SourceVersion "1"]
[SourceVersionDate "2011.11.24"]
[SourceQuality "1"]

1. d4 g6 2. c4 f5 3. Nf3 Nf6 4. Nc3 Bg7 5. e3 e6 6. Be2 d6 7. Qc2 Nbd7 8. 0-0 0-0 9. Rd1 d5 10. b3 c6 11. Ng5 Re8 12. Nh3 Qe7 13. Bb2 h6 14. f3 dxc4 15. bxc4 e5 16. dxe5 Nxe5 17. Nf2 Qf7 18. e4 Nxc4 19. Bc1 fxe4 20. Ncxe4 Nxe4 21. Bxc4 Be6 22. Bxe6 Qxe6 23. Nxe4 Bxa1 24. Bxh6 Be5 25. Ng5 Bd4+ 26. Kf1 Qd6 27. Qc4+ Qd5 28. Qxd4 Qxd4 29. Rxd4 Rad8 30. Ra4 a6 31. Ne4 Re5 32. Kf2 Rb5 33. Bf4 Kf8 34. h4 Rdd5 35. Bc7 Ke7 36. Nc3 Rb2+ 37. Ke3 Rd7 38. Bf4 Rxg2 39. Ne4 Rb2 40. Bg5+ Kf7 41. Nc5 Rd5 42. Nd3 Rbb5 1/2-1/2